00460nam a2200181 a 4500001001300000003000900013005001700022008004100039020000900080082001300089245002400102260005000126300000800176500003500184505001300219650001200232710003400244nice12345678IN_TiNIC20260116014615.0050812s0000 boma grd 000 0 eng  ac9900a823bSHE aSabotage (vidie CD) aBombay bShethia Audio Vidio Pvt. Ltd. c0000 a00p aincludes index and biblioraphy2 aAppendix aFiction2 aShethia Audio Vidio Pvt. Ltd.